000 00465nam a2200181Ia 4500
005 20250508162232.0
008 008 250505s9999 xx 000 0 hin d
037 _aTextual
040 _aFEDL
_beng
_cFEDL
041 _ahin
_2eng
084 _aFH, SHA
_qFEDL
100 _aShankar
245 0 _aManchitra
260 _aNew Delhi, India
_bNational Publishing House
_c1979
300 _a189p.
942 _cTEXL
_hFH, SHA
999 _c1375274
_d1375274